Zabawa z literatura

Práca s literatúrou v predškolskom zariadení.

Bibliographic Details
Main Author: Ziolkowska-Sobecka, Marta (Author)
Format: Article
Language:Polish

MARC

LEADER 00000nab a2200000 a 4500
001 vtls001503395
003 SK-MaSNL
005 20260304034318.0
008 050227s1995 xo 000 0 pol
035 |a SPKCL5722 
040 |a SPKCL  |b slo  |c SNKBUCL  |d ŠVK P(ŠME)  |e AACR2 
041 |a pol 
044 |a xo  |c SK 
080 |a 372.367:087.5:371.382  |2 1981 
080 |a 372.367  |2 1981 
100 1 |a Ziolkowska-Sobecka, Marta  |4 aut  |9 1317019 
245 1 0 |a Zabawa z literatura  |c Marta Ziolkowska-Sobecka 
520 |a Práca s literatúrou v predškolskom zariadení. 
773 1 |t Wychowanie w przedszkolu  |g Roč. 48, č. 7 (1995) s. 387-393 
850 |a Slovenská pedagogická knižnica Bratislava 
852 |a SPKCL  |b KIS3GCP  |b 000710000  |n SK 
999 |c 2652429  |d 2654359